| 000 | 00376nam a22001457a 4500 | ||
|---|---|---|---|
| 008 | 210427b ||||| |||| 00| 0 eng d | ||
| 020 | _a9781440847462 | ||
| 041 | _aeng | ||
| 080 | _a330.101.542 | ||
| 082 | _a330.101.542 | ||
| 100 | _a52 | ||
| 101 | _aMAKRO | ||
| 245 |
_aEconomics the Definitive Encyclopedia from theory to Practice _cDavid A. Dieterle |
||
| 942 |
_2udc _cBK |
||
| 999 |
_c56831 _d56831 |
||